000 00533nam a22001817a 4500
005 20251108171130.0
008 250721s1990 xx 000 0 ara d
082 1 4 _aق/غري
100 1 _aغرين، غراهام
245 1 0 _aالخالة أوغستا /
264 1 _aبغداد :
_bمكتب الشمس للنشر و الإعلان،
_c1990.
300 _a208ص
490 0 _aروايات الشمس
650 1 7 _aالأدب المترجم
700 1 _aعلي، سمير
_eترجمة
942 _2ddc
_cBK
999 _c57430
_d57430